000 00315nam a22001337a 4500
082 _a823
_bCAR/S
100 _aCARRE, JOHN LE
245 _aSMILEY'S PEOPLE
246 _aSMILEY'S PEOPLE
_bSMILEY'S PEOPLE
260 _aLONDON
_bBOOK CLUB ASSOCIATION
_c1979
300 _a327
650 _aENGLISH FICTION
942 _cBK
999 _c9194
_d9194